|
|
|
|
| LEADER |
02649cam a2200529 7i4500 |
| 001 |
0000014741 |
| 005 |
20201126090000.0 |
| 005 |
##20201126150600.0 |
| 003 |
##MY-KlINT |
| 008 |
201511020110 0 my d eng d |
| 020 |
# |
# |
|a 9789833109661
|
| 039 |
# |
9 |
|a 202011261506
|b afmi
|c 201810181149
|d Amir
|c 201810161421
|d rozila
|c 201805021523
|d Amir
|y 201511041149
|z VLOAD
|
| 040 |
# |
# |
|a BK
|
| 082 |
0 |
0 |
|a 352.3802854678
|
| 090 |
0 |
0 |
|a R INT 352.3802854678
|b PRO
|
| 090 |
0 |
0 |
|a INT 352.3802854678
|b PRO
|
| 245 |
1 |
0 |
|a Proceedings of the National ICT Conference 2011 :
|b 7-8 July 2011, Putrajaya Convention Centre /
|c Edited By Aminuddin Hassim, Mazlan Harun, Lai Meng Chai.
|
| 264 |
# |
0 |
|a Kuala Lumpur
|b National Institute of Public Administration (INTAN)
|c 2011
|
| 300 |
# |
# |
|a vii, 64 pages;
|c 21cm.
|
| 336 |
# |
# |
|a text
|2 rdacontent
|
| 337 |
# |
# |
|a unmediated
|2 rdamedia
|
| 338 |
# |
# |
|a volume
|2 rdacarrier
|
| 583 |
# |
# |
|a LULUS
|
| 650 |
# |
0 |
|a Electronic government information --
|x Congresses --
|z Malaysia
|
| 650 |
# |
0 |
|a Information technology --
|x Congresses --
|z Malaysia
|
| 650 |
# |
0 |
|a Public administration --
|x Technological innovations --
|x Congresess --
|z Malaysia
|
| 700 |
0 |
# |
|a Aminuddin Hassim
|
| 700 |
0 |
# |
|a Lai, Meng Chai
|
| 700 |
0 |
# |
|a Mazlan harun
|
| 710 |
0 |
# |
|a National Institute of Public Administration (INTAN)
|
| 997 |
|
|
|a BK ELMU IKWS
|
| 998 |
|
|
|a INT0001113 INT0001117 INT0001114 INT0001115 INT0001116 5000000316-5000000319 5000000322 H2020/219 H2020/220 H2020/221 H2020/222 H2020/223
|
| 999 |
|
|
|a 3000017664
|b BOOK
|c INTAN PUBLICATION
|e INTAN Kampus Wilayah Selatan
|
| 999 |
|
|
|a 3000017665
|b BOOK
|c INTAN REFERENCE
|e INTAN Kampus Wilayah Selatan
|
| 999 |
|
|
|a 3000017666
|b BOOK
|c INTAN PUBLICATION
|e INTAN Kampus Wilayah Selatan
|
| 999 |
|
|
|a 3000017667
|b BOOK
|c INTAN PUBLICATION
|e INTAN Kampus Wilayah Selatan
|
| 999 |
|
|
|a 3000017668
|b BOOK
|c INTAN PUBLICATION
|e INTAN Kampus Wilayah Selatan
|
| 999 |
|
|
|a 5000000316
|b BOOK
|c Main Non-Fiction
|e INTAN Kampus Wilayah Utara
|
| 999 |
|
|
|a 5000000317
|b BOOK
|c Main Non-Fiction
|e INTAN Kampus Wilayah Utara
|
| 999 |
|
|
|a 5000000318
|b BOOK
|c Main Non-Fiction
|e INTAN Kampus Wilayah Utara
|
| 999 |
|
|
|a 5000000319
|b BOOK
|c Main Non-Fiction
|e INTAN Kampus Wilayah Utara
|
| 999 |
|
|
|a 5000000322
|b BOOK
|c Main Non-Fiction
|e INTAN Kampus Wilayah Utara
|
| 999 |
|
|
|a INT0001113
|b BOOK
|c INTAN REFERENCE
|e INTAN Bukit Kiara
|
| 999 |
|
|
|a INT0001114
|b BOOK
|c INTAN PUBLICATION
|e INTAN Bukit Kiara
|
| 999 |
|
|
|a INT0001115
|b BOOK
|c INTAN PUBLICATION
|e INTAN Bukit Kiara
|
| 999 |
|
|
|a INT0001116
|b BOOK
|c INTAN PUBLICATION
|e INTAN Bukit Kiara
|
| 999 |
|
|
|a INT0001117
|b BOOK
|c INTAN PUBLICATION
|e INTAN Bukit Kiara
|